Presidents of Iraq by Picture - Statistics

General Stats
  • This quiz has been taken 44 times
  • The average score is 6 of 13
Answer Stats
Picture Hint Answer % Correct
1979-2003 Saddam Hussein
96%
1968-1979 Ahmed Hassan al-Bakr
56%
1963-1966 Abdul Salam Arif
52%
1966-1968 Abdul Rahman Arif
48%
2005-2014 Jalal Talabani
44%
2003-2004 Paul Bremer
44%
2022-Present Abdul Latif Rashid
41%
2018-2022 Barham Salih
41%
2014-2018 Fuad Masum
41%
1958-1963 Muhammad Najib ar-Ruba'i
41%
2004-2005 Ghazi Mashal Ajil al-Yawer
37%
2003 Jay Garner
37%
1966 Abd al-Rahman al-Bazzaz
30%
No matching quizzes found
Score Distribution
Percent of People with Each Score
Percentile by Number Answered
Your Score History
You have not taken this quiz